Statistiques concernant Paroles - Nekfeu - Elle pleut

Cliquez ici pour prendre le quiz!

Statistiques générales

  • Ce quiz a été pris 1 077 fois
    (968 depuis la dernière actualisation)
  • Le résultat moyen est 359 sur 593

Statistiques - réponses

Paroles% Correct
a
97%
à
97%
elle
93%
Elle
93%
sur
93%
Le
91%
le
91%
son
90%
pleut
89%
un
89%
Un
89%
de … ?
88%
de
88%
les
87%
Les
87%
par
87%
est
86%
Y
86%
Je
85%
je
85%
la
85%
La
85%
Tu
85%
l'univers
84%
yeux
84%
au
82%
docu'
82%
Me
82%
me
82%
Absorbé
81%
ce
81%
et
81%
fléau
80%
des
78%
se
78%
Ta
78%
ta
78%
toi
78%
Toi
78%
voir
78%
L'insomnie
76%
fluo
75%
te
74%
jusqu'à
73%
plus
73%
Que
73%
que
73%
dans
72%
J'ai
72%
Lune
72%
pas
72%
du
71%
moi,
71%
moi
71%
D'où
70%
d'où
70%
en
70%
ne
69%
douceur
68%
coeur
67%
tue
67%
ça
66%
fenêtre
66%
On
66%
on
66%
brisé
65%
Brisé
65%
ses
65%
jamais
64%
verte,
64%
Il
63%
m'en
63%
m'y
63%
tout
63%
faire,
62%
qu'on
62%
C'est
61%
c'est
61%
trop
61%
Trop
61%
lattes
60%
pense
60%
sommier
60%
sors-tu ?
60%
fois
59%
fois ?
59%
lois
59%
lois ?
59%
mais
59%
s'est
59%
ton
59%
époques
58%
autres,
57%
autres
57%
bus
57%
j'écrivais
57%
J'écrivais
57%
nuit
57%
Quand
57%
voulu
57%
heures
56%
J'regarde
56%
Pour
56%
qu'aux
56%
sommeil,
56%
dix,
55%
était
55%
Mon
55%
penses
55%
premier
55%
rayé
55%
soir,
55%
douze
54%
j'étais
54%
point
54%
dormir
53%
entre
53%
famille
53%
fini
53%
première
53%
manque
52%
m'rappelle
52%
blague
51%
complice
51%
défier
51%
m'fais
51%
mis
51%
nos
51%
Nos
51%
plongé
51%
qui
51%
regardais
51%
sans
51%
visage
51%
visage,
51%
confluent
50%
d'enlever
50%
encore,
50%
encore
50%
flaque
50%
j'avais,
50%
j'avais
50%
reflet
50%
retourner
50%
transports
50%
avant
49%
d'sortie
49%
Hier
49%
j'peux
49%
posés
49%
t'as
49%
croisée
48%
matin
48%
mette
48%
sourire
48%
trottoir
48%
vies
48%
bruit
47%
brusquement
47%
cette
47%
dériver
47%
dessus
47%
feuilles
47%
l'impression
47%
tellement
47%
J't'ai
46%
taf'
46%
toujours
46%
chaque
45%
mortes
45%
noir
45%
noir,
45%
t'oublier
45%
toute
45%
l'écran
44%
t'avais
44%
blanc
43%
dessous
43%
sordides
42%
sorte
42%
vais,
42%
avait
41%
écrit
41%
d'idées,
40%
doutes
40%
griffés
40%
s'croisait
39%
m'infligeais
38%
seul
38%
rayent
37%
m'dire
36%
n'reviendrai
36%
Puis
36%
sec
35%
amis,
34%
amis
34%
aime
33%
d'un
33%
être
33%
ennemi
32%
aura
31%
nier
31%
préfère
31%
sol
31%
siècle
30%
fierté
29%
reste
29%
temps
29%
assez
28%
écrans
28%
Combien
26%
mes
26%
potes
26%
commun
24%
chose
23%
rattraper
23%
T'aimerais
22%
jette
21%
Maintenant
21%
nuage
21%
seule
21%
avoir
20%
dépend,
20%
mieux
20%
sérieux
20%
vois
20%
barricade,
19%
chance
19%
guise
19%
recommence ?
19%
Vaut
19%
voyait
19%
avec
17%
Est-ce
17%
femmes ?
17%
n'en
17%
pavés
17%
pointillés
17%
qu'une
17%
s'envoyait
17%
airs
16%
m'reprochais
15%
mystérieux
15%
ricane
15%
rois ?
15%
d'amour
13%
dépravés
13%
disputes ?
13%
façade
13%
mots
13%
brins
12%
choix ?
12%
frères
12%
galaxies ?
12%
liaisons ?
12%
lunes ?
12%
crevé
11%
d'épreuves ?
11%
dunes ?
10%
saisons ?
10%
d'partir
9%
grains
9%
disent
8%
évacue ?
8%
sable ?
8%
lésions ?
7%
scission ?
7%
preuves ?
6%
craintes
5%
folles
5%

Distribution des résultats

Percentile par nombre de réponses

% des personnes avec chaque résultat

Votre développement - résultats

Vous n’avez pas pris ce quiz depuis la dernière actualisation